[Event "XIX Sants Open 2017"]
[Site "Cotxeres de Sants"]
[Date "2017.08.22"]
[Round "5"]
[White "Mascaro March, Pedro"]
[Black "Hertneck, Gerald"]
[Result "1-0"]
[WhiteElo "2387"]
[BlackElo "2498"]
[Annotator "TA"]
[PlyCount "99"]
[EventDate "2017.??.??"]
[EventType "swiss"]
[EventCountry "ESP"]
[SourceTitle "playchess.com"]
[Source "ChessBase"]
[SourceQuality "1"]

{[%evp 14,99,-10,0,11,0,1,3,36,33,46,0,5,0,12,-6,-13,-25,-19,-73,-53,-87,-79,-95,-75,-112,-87,-86,-66,-99,-38,-49,199,223,227,212,166,145,160,134,183,80,177,125,224,133,382,375,345,302,304,300,305,306,302,303,300,268,277,237,283,275,276,268,625,619,600,544,1060,962,815,466,408,408,372,339,696,694,739,668,2137,1854,7304,5768,29969,29971,29967,11755]} 1. d4 Nf6 2. Nf3 g6 3. Bf4 d6 4. h3 c5 (4... Bg7 5. c3 O-O 6. e3 Nbd7 7. Bh2 c5 8. Be2 b6 9. O-O Bb7 10. a4 a6 11. Nbd2 Ne4 12. Nxe4 Bxe4 13. Qb3 Qc7 14. Rfd1 Qb7 15. d5 Bxf3 16. Bxf3 b5 17. Be2 Rab8 18. axb5 axb5 19. Bf4 {½-½ (33) Kamsky,G (2637)-Romanov,E (2619) Sochi 2016}) 5. e3 Qb6 6. Qc1 {A48: 1 d4 Nf6 2 Nf3 g6: Torre, London and Colle Systems} Bg7 7. c3 O-O 8. Be2 {LiveBook: 15 Games. The position is equal.} Nbd7 9. Nbd2 cxd4 $146 ({Predecessor:} 9... Re8 10. O-O Nf8 11. Bh2 cxd4 12. Nxd4 {1-0 (76) Picone,F (1882)-Bini,A (2007) Isola d'Elba 2008}) 10. exd4 Nd5 {[%cal Bf6d5,Bd5b6,Bb6c4][%mdl 32]} 11. Bh2 e5 12. Nc4 Qc6 13. O-O b5 14. Ncd2 N5b6 15. dxe5 dxe5 16. Bd3 (16. c4 $11 {remains equal.}) 16... f5 $17 17. Bc2 Bb7 18. Re1 Rae8 19. Nb3 Nc4 20. Bd3 Qb6 {[#] Strongly threatening ...e4.} 21. Nfd2 Bd5 (21... Nd6 $17 {aiming for ...a5.} 22. Bf1 f4) 22. Bf1 $1 $15 Bh6 $2 (22... e4 $15 23. Nxc4 Bxc4) 23. Nxc4 $18 bxc4 24. Qxh6 cxb3 25. axb3 Bxb3 26. Ra6 Qb8 27. Rea1 (27. Qd2 $18 {is more deadly.} Qc7 28. Rea1) 27... Bf7 (27... f4 $16 {might work better.}) 28. b4 (28. Rxa7 $18 Be6 29. h4) 28... Qc8 (28... f4 $16 {is a better defense.} 29. Rxa7 Be6) 29. Bb5 (29. Rxa7 $18 {Black must now prevent Bb5.} Qxc3 30. R1a3 Qxb4 31. R3a4) 29... Re7 $2 (29... f4 $16 30. Rxa7 (30. Bxd7 Qxd7 31. Rxa7 Qd8 $16) 30... Be6) 30. Rxa7 Qxc3 31. Rc1 ({Less strong is} 31. Bxd7 Rxd7 32. Bg3 Rxa7 $11) 31... Qxb4 32. Rxd7 f4 {Black wants to play ...Rxd7.} 33. Rxe7 Qxe7 34. Bf1 Qa3 35. Rc7 Qd6 36. Ra7 {Threatens to win with g3.} Qc5 37. Rd7 Qc6 38. Re7 Rd8 $2 (38... Qf6 39. Rc7 Qd6) 39. Rxf7 Kxf7 40. Qxh7+ Ke6 41. Qxg6+ Kd7 42. Qxc6+ Kxc6 43. Be2 Kd5 44. g4 Ke4 $2 (44... fxg3 45. Bxg3 Ra8) 45. Kg2 Rd2 46. Bf3+ Kd3 47. g5 e4 48. Bxf4 exf3+ 49. Kxf3 Rd1 50. g6 {Precision: White = 54%, Black = 27%.} (50. h4 $142 Kd4 51. g6 Kc3 52. h5 Rg1 {[#]} 53. g7 $1 {[%mdl 512]} Kd3 54. Bg3 Kd4 55. h6) 1-0

[Event "XIX Sants Open 2017"]
[Site "Cotxeres de Sants"]
[Date "2017.08.22"]
[Round "5"]
[White "Boix Moreno, Daniel"]
[Black "Garriga Cazorla, Pere"]
[Result "1/2-1/2"]
[WhiteElo "2300"]
[BlackElo "2405"]
[Annotator "ChessBase"]
[PlyCount "74"]
[EventDate "2017.??.??"]
[EventType "swiss"]
[EventCountry "ESP"]
[SourceTitle "playchess.com"]
[Source "ChessBase"]
[SourceQuality "1"]
[TimeControl "40/5400+30:1800+30"]

1. e4 {[%emt 0:06:16]} c5 {[%emt 0:00:06]} 2. Nf3 {[%emt 0:00:16]} Nc6 {[%emt 0:00:04]} 3. Bb5 {[%emt 0:00:17]} a6 {[%emt 0:00:04]} 4. Bxc6 {[%emt 0:00:18]} dxc6 {[%emt 0:00:03]} 5. d3 {[%emt 0:00:41]} Qc7 {[%emt 0:00:03]} 6. Nbd2 {[%emt 0:01:08]} e5 {[%emt 0:00:22]} 7. Nc4 {[%emt 0:01:03]} f6 {[%emt 0:00:57]} 8. Bd2 {[%emt 0:05:11]} a5 {[%emt 0:03:10]} 9. a4 {[%emt 0:03:19]} Ne7 {[%emt 0:04:41]} 10. Nh4 {[%emt 0:13:30]} Be6 {[%emt 0:09:48]} 11. Qf3 {[%emt 0:02:55]} b6 {[%emt 0:03:28]} 12. b3 {[%emt 0:18:36]} O-O-O {[%emt 0:06:13]} 13. Ne3 {[%emt 0:07:21]} Kb7 {[%emt 0:02:47]} 14. g3 {[%emt 0:03:13]} Qd7 {[%emt 0:04:37]} 15. Nhf5 {[%emt 0:07:22]} Nc8 {[%emt 0:06:50]} 16. Nc4 {[%emt 0:01:00]} g6 {[%emt 0:01:04]} 17. Nfe3 {[%emt 0:00:21]} Bg7 {[%emt 0:00:39]} 18. Bc3 {[%emt 0:10:13]} Nd6 {[%emt 0:06:20]} 19. O-O-O {[%emt 0:01:18]} Rhe8 {[%emt 0:18:51]} 20. Qe2 {[%emt 0:00:59]} Bg8 {[%emt 0:05:00]} 21. Kb2 {[%emt 0:01:14]} Kc7 {[%emt 0:02:48]} 22. Nxd6 {[%emt 0:01:13]} Qxd6 {[%emt 0:00:02]} 23. Nc4 {[%emt 0:00:14]} Qe7 {[%emt 0:01:35]} 24. Qe3 {[%emt 0:01:44]} Kb7 {[%emt 0:01:03]} 25. Ra1 {[%emt 0:01:00]} f5 {[%emt 0:02:11]} 26. f3 {[%emt 0:00:47]} Qf8 {[%emt 0:01:04]} 27. Qe2 {[%emt 0:00:32]} h5 {[%emt 0:00:22]} 28. Rhg1 {[%emt 0:00:35]} Rd7 {[%emt 0:02:13]} 29. g4 {[%emt 0:01:05]} Bxc4 {[%emt 0:01:45]} 30. dxc4 {[%emt 0:02:42]} hxg4 {[%emt 0:00:40]} 31. fxg4 f4 32. Raf1 {[%emt 0:00:41]} Bf6 {[%emt 0:00:34]} 33. g5 {[%emt 0:01:06]} Bd8 {[%emt 0:00:17]} 34. h4 {[%emt 0:00:22]} Rh7 {[%emt 0:01:09]} 35. Be1 {[%emt 0:00:27]} Bc7 {[%emt 0:00:01]} 36. Qf3 {[%emt 0:00:31]} Rd8 {[%emt 0:01:50]} 37. Bf2 {[%emt 0:00:09]} Rhd7 {[%emt 0:01:55]} 1/2-1/2

[Event "XIX Sants Open 2017"]
[Site "Cotxeres de Sants"]
[Date "2017.08.22"]
[Round "5"]
[White "Marza Vendrell, Conrado"]
[Black "Zverev, Lev"]
[Result "0-1"]
[WhiteElo "1943"]
[BlackElo "1372"]
[Annotator "NA"]
[PlyCount "97"]
[EventDate "2017.??.??"]
[EventType "swiss"]
[EventCountry "ESP"]
[SourceTitle "playchess.com"]
[Source "ChessBase"]
[SourceQuality "1"]
[TimeControl "40/5400+30:1800+30"]

1. e4 {[%emt 0:00:00]} e5 {[%emt 0:00:07]} 2. Nc3 {[%emt 0:00:00]} Nf6 {[%emt 0:00:29]} 3. f4 {[%emt 0:00:00]} d6 {[%emt 0:00:44]} 4. Nf3 {[%emt 0:01:56]} Nc6 {[%emt 0:00:22]} 5. d3 {[%emt 0:06:32]} Be7 {[%emt 0:01:01]} 6. Be2 {[%emt 0:00:11]} O-O {[%emt 0:00:35]} 7. O-O {[%emt 0:00:05]} Nd4 {[%emt 0:00:48]} 8. Nxd4 {[%emt 0:07:21]} exd4 {[%emt 0:00:10]} 9. Nb5 {[%emt 0:01:52]} c5 {[%emt 0:00:14]} 10. c4 {[%emt 0:02:01]} a6 {[%emt 0:00:36]} 11. Na3 {[%emt 0:00:11]} Rb8 {[%emt 0:01:12]} 12. Kh1 {[%emt 0:02:57]} b5 {[%emt 0:00:50]} 13. b3 {[%emt 0:00:12]} bxc4 $11 {[%emt 0:03:44]} 14. Nxc4 {[%emt 0:00:41]} d5 {[%emt 0:00:08]} 15. exd5 {[%emt 0:01:37]} Nxd5 {[%emt 0:00:15]} 16. Bf3 {[%emt 0:01:09]} f5 {[%emt 0:00:54]} 17. Bd2 {[%emt 0:00:29]} Bb7 {[%emt 0:00:19]} 18. Re1 {[%emt 0:03:31]} Bf6 {[%emt 0:01:05]} 19. Ne5 {[%emt 0:01:08]} Re8 {[%emt 0:02:24]} 20. Rc1 {[%emt 0:04:43]} Rc8 {[%emt 0:00:21]} 21. Qe2 {[%emt 0:05:19]} Bxe5 {[%emt 0:00:50]} 22. fxe5 {[%emt 0:00:12]} g6 {[%emt 0:00:17]} 23. Qf2 {[%emt 0:00:27]} Qd7 {[%emt 0:02:28]} 24. Qg3 {[%emt 0:03:47]} Nb6 {[%emt 0:02:59]} 25. e6 {[%emt 0:09:31]} Qg7 {[%emt 0:00:11]} 26. Bh6 {[%emt 0:02:50]} Qxh6 {[%emt 0:00:27]} 27. Bxb7 {[%emt 0:00:16]} Rcd8 {[%emt 0:01:45]} 28. Rxc5 {[%emt 0:04:05]} f4 {[%emt 0:01:02]} 29. Qf3 {[%emt 0:04:35]} Qh4 {[%emt 0:00:28]} 30. Rcc1 {[%emt 0:03:05]} Re7 {[%emt 0:02:44]} 31. Qe4 {[%emt 0:04:18]} Rd6 {[%emt 0:01:26]} 32. Bc8 {[%emt 0:05:14]} Rd8 {[%emt 0:01:21]} 33. g3 {[%emt 0:04:22]} Qh6 {[%emt 0:01:00]} 34. Qxf4 {[%emt 0:01:17]} Qxf4 {[%emt 0:00:09]} 35. gxf4 {[%emt 0:00:09]} Rxc8 {[%emt 0:01:19]} 36. Rxc8+ {[%emt 0:00:14]} Nxc8 {[%emt 0:00:54]} 37. Re4 Kg7 {[%emt 0:01:10]} 38. Kg2 {[%emt 0:00:39]} Nd6 {[%emt 0:02:35]} 39. Rxd4 {[%emt 0:00:14]} Rxe6 {[%emt 0:02:23]} 40. Ra4 {[%emt 0:00:00]} Nb5 {[%emt 0:04:00]} 41. Kf2 {[%emt 0:01:33]} Kf6 {[%emt 0:09:39]} 42. Rc4 {[%emt 0:00:21]} Kf5 {[%emt 0:03:53]} 43. Kf3 {[%emt 0:00:19]} Rd6 {[%emt 0:00:43]} 44. Ke3 {[%emt 0:00:08]} Re6+ {[%emt 0:01:46]} 45. Kf3 {[%emt 0:00:02]} Re1 {[%emt 0:00:40]} 46. Rc5+ {[%emt 0:00:15]} Kf6 {[%emt 0:00:33]} 47. Rc6+ {[%emt 0:00:09]} Re6 {[%emt 0:00:14]} 48. Rc4 {[%emt 0:00:08]} Nd6 49. d4 {[%emt 0:01:11]} 0-1

[Event "XIX Sants Open 2017"]
[Site "Cotxeres de Sants"]
[Date "2017.08.22"]
[Round "5"]
[White "Garcia Ruiz, Adrian"]
[Black "Urgel Yvorra, Marc"]
[Result "1/2-1/2"]
[WhiteElo "1940"]
[BlackElo "1857"]
[Annotator "NA"]
[PlyCount "48"]
[EventDate "2017.??.??"]
[EventType "swiss"]
[EventCountry "ESP"]
[SourceTitle "playchess.com"]
[Source "ChessBase"]
[SourceQuality "1"]
[TimeControl "40/5400+30:1800+30"]

1. e4 c5 2. Nf3 e6 3. d4 cxd4 4. Nxd4 Nc6 5. Nc3 Qc7 6. Be3 a6 7. Qd2 Nf6 8. f3 Ne5 9. O-O-O Bb4 10. Kb1 d5 11. Bd3 Nxd3 12. cxd3 e5 13. Nde2 d4 14. Nxd4 exd4 15. Bxd4 Be6 16. Qg5 Qa5 17. Qxg7 Rg8 18. Qxf6 Bxc3 19. Bxc3 Qxa2+ 20. Kc1 Rxg2 21. Rd2 Qa1+ 22. Kc2 Qa4+ 23. Kc1 Qa1+ 24. Kc2 Qa4+ 1/2-1/2

[Event "XIX Sants Open 2017"]
[Site "Cotxeres de Sants"]
[Date "2017.08.22"]
[Round "5"]
[White "Fernandez Felguera, Agustin"]
[Black "Petit Montes, Marc"]
[Result "0-1"]
[WhiteElo "1924"]
[BlackElo "1948"]
[Annotator "NA RC"]
[PlyCount "83"]
[EventDate "2017.??.??"]
[EventType "swiss"]
[EventCountry "ESP"]
[SourceTitle "playchess.com"]
[Source "ChessBase"]
[SourceQuality "1"]
[TimeControl "40/5400+30:1800+30"]

1. e4 {[%emt 0:00:00]} c6 {[%emt 0:00:02]} 2. c4 {[%emt 0:00:02]} d5 {[%emt 0:00:10]} 3. exd5 {[%emt 0:00:26]} cxd5 {[%emt 0:00:07]} 4. cxd5 {[%emt 0:00:06]} Qxd5 {[%emt 0:00:04]} 5. Nc3 {[%emt 0:00:07]} Qd8 {[%emt 0:00:19]} 6. d4 {[%emt 0:00:10]} Nf6 {[%emt 0:00:49]} 7. Bc4 {[%emt 0:00:11]} e6 {[%emt 0:00:31]} 8. Nf3 {[%emt 0:00:25]} Nc6 {[%emt 0:01:46]} 9. O-O {[%emt 0:00:30]} Be7 {[%emt 0:00:07]} 10. Bg5 {[%emt 0:06:29]} O-O {[%emt 0:00:57]} 11. a3 {[%emt 0:02:53]} a6 {[%emt 0:00:17]} 12. Qd3 {[%emt 0:00:38]} b5 {[%emt 0:01:25]} 13. Bb3 {[%emt 0:01:05]} Bb7 {[%emt 0:01:05]} 14. Bc2 {[%emt 0:00:12]} g6 {[%emt 0:01:52] D27: Queen's Gambit Accepted: Classical main line: 7 e4!? and 7 a4} 15. Rad1 {[%emt 0:18:31]} (15. Rfd1 Rc8 16. Rac1 Na5 17. Bh6 Re8 18. Ne5 Nc4 19. Nxc4 Rxc4 20. Bb3 Rc7 21. Bf4 Bd6 22. Qe3 Bd5 23. Bc2 Bxf4 24. Qxf4 Qe7 25. Rd3 Bc4 26. Rh3 e5 27. dxe5 Qxe5 28. Qxe5 Rxe5 29. f4 {½-½ (28) Baumbach,F (2454)-Pereira,A (2505) ICCF email 2007}) 15... Nd5 {[%emt 0:08:04]} 16. Ne4 $146 {[%emt 0:04:17]} ({Find the theoretical novelty and annotate with similar games:} 16. Bxe7 Ncxe7 17. Ne4 Nf5 18. Ne5 Qh4 19. Qf3 Qf4 20. Qh3 h5 21. g3 Qh6 22. Nc5 {1-0 (50) Murtazin,B (2173)-Ly,D (1872) Budva 2013}) 16... Bxg5 {[%emt 0:15:01]} 17. Nfxg5 {[%emt 0:07:12]} Nce7 {[%emt 0:15:42]} 18. Nc5 {[%emt 0:07:12]} Bc6 {[%emt 0:01:50]} 19. Qh3 {[%emt 0:05:31]} h5 {[%emt 0:08:00]} 20. f4 {[%emt 0:07:37]} Nf5 {[%emt 0:03:14]} 21. Bxf5 {[%emt 0:07:14]} exf5 {[%emt 0:02:16]} 22. Qg3 {[%emt 0:02:31]} Re8 {[%emt 0:09:25]} 23. Rfe1 {[%emt 0:00:55]} Rxe1+ {[%emt 0:03:08]} 24. Rxe1 {[%emt 0:00:03]} Nf6 {[%emt 0:00:28]} 25. Qf2 {[%emt 0:02:28]} Qd6 {[%emt 0:04:36]} 26. Qd2 {[%emt 0:06:45]} a5 {[%emt 0:04:55]} 27. Rf1 {[%emt 0:06:46]} Rd8 {[%emt 0:02:54]} 28. Nf3 $2 {[%emt 0:04:29]} (28. Rd1 {is tougher.}) 28... Bxf3 $1 {[%emt 0:02:30]} 29. Rxf3 {[%emt 0:00:10]} Qxc5 {[%emt 0:00:33]} 30. dxc5 {[%emt 0:00:33]} Rxd2 {[%emt 0:00:07]} 31. Rb3 {[%emt 0:00:06] [#]} b4 $1 {[%emt 0:04:41]} 32. axb4 {[%emt 0:01:34]} axb4 {[%emt 0:00:05]} 33. Rxb4 {[%emt 0:00:16]} Ne4 {[%emt 0:00:47]} 34. g3 {[%emt 0:00:15]} Nxc5 {[%emt 0:00:08]} 35. Rb8+ {[%emt 0:00:12]} Kg7 {[%emt 0:00:11]} 36. b4 {[%emt 0:00:04]} Nd7 {[%emt 0:01:57]} 37. Rd8 {[%emt 0:00:25]} Kf6 {[%emt 0:00:10]} 38. Rc8 {[%emt 0:00:58]} Rb2 {[%emt 0:00:50]} 39. Rc4 {[%emt 0:00:41]} Ke6 {[%emt 0:00:13]} 40. Rc6+ {[%emt 0:00:00]} Kd5 {[%emt 0:01:12]} 41. Rc7 {[%emt 0:00:22]} Kd6 {[%emt 0:00:23]} 42. Rc4 $19 {[%emt 0:00:18]} 0-1

[Event "XIX Sants Open 2017"]
[Site "Cotxeres de Sants"]
[Date "2017.08.22"]
[Round "5"]
[White "Puig Cruz, Albert"]
[Black "Lopez Oliva, Victor"]
[Result "0-1"]
[WhiteElo "1581"]
[BlackElo "1530"]
[Annotator "NA RC"]
[PlyCount "124"]
[EventDate "2017.??.??"]
[EventType "swiss"]
[EventCountry "ESP"]
[SourceTitle "playchess.com"]
[Source "ChessBase"]
[SourceQuality "1"]
[TimeControl "40/5400+30:1800+30"]

1. e4 {[%emt 0:00:00]} d5 {[%emt 0:00:22]} 2. exd5 {[%emt 0:00:00]} Qxd5 {[%emt 0:00:37]} 3. Nc3 {[%emt 0:00:30]} Qa5 {[%emt 0:00:07]} 4. d4 {[%emt 0:00:30]} Nf6 {[%emt 0:01:00]} 5. Nf3 {[%emt 0:01:07]} Bf5 {[%emt 0:02:36]} 6. Bc4 {[%emt 0:02:11]} c6 {[%emt 0:03:11]} 7. Bd2 {[%emt 0:01:39]} e6 {[%emt 0:00:35]} 8. Bb3 {[%emt 0:05:08]} Nbd7 {[%emt 0:07:43]} 9. Qe2 {[%emt 0:05:45]} Bb4 {[%emt 0:02:52]} 10. Nh4 {[%emt 0:04:56]} Bg6 {[%emt 0:19:12]} 11. Nxg6 {[%emt 0:03:08]} hxg6 {[%emt 0:00:06]} 12. O-O-O {[%emt 0:02:49]} O-O-O {[%emt 0:07:42]} 13. Ne4 {[%emt 0:07:46]} Bxd2+ {[%emt 0:03:18]} 14. Rxd2 {[%emt 0:00:21]} Nxe4 {[%emt 0:01:26]} 15. Qxe4 {[%emt 0:00:14]} Nf6 {[%emt 0:00:34]} 16. Qe2 {[%emt 0:01:53]} Qc7 {[%emt 0:06:46]} 17. g3 {[%emt 0:06:28]} Rd6 {[%emt 0:06:28]} 18. c3 {[%emt 0:03:03]} Rdd8 {[%emt 0:06:28]} 19. f3 {[%emt 0:06:11]} Nd5 {[%emt 0:03:13]} 20. Re1 {[%emt 0:05:29]} Rh5 {[%emt 0:02:51]} 21. Qf2 {[%emt 0:08:08]} Kb8 {[%emt 0:01:53]} 22. Kb1 {[%emt 0:02:48]} Nf6 {[%emt 0:02:18]} 23. Rde2 {[%emt 0:05:47]} Rdh8 {[%emt 0:01:31]} 24. h4 {[%emt 0:02:22]} g5 {[%emt 0:00:52]} 25. hxg5 {[%emt 0:02:19]} Rxg5 {[%emt 0:00:10]} 26. f4 {[%emt 0:02:48]} Rgh5 {[%emt 0:04:16]} 27. Qf3 {[%emt 0:00:50]} Nd5 {[%emt 0:01:52]} 28. Bc2 {[%emt 0:01:41]} Qe7 {[%emt 0:01:13]} 29. Be4 {[%emt 0:02:35]} Qf6 {[%emt 0:01:36]} 30. Qd3 {[%emt 0:00:39]} g6 {[%emt 0:02:04]} 31. a3 {[%emt 0:01:22]} Rh3 {[%emt 0:00:59]} 32. Bxd5 {[%emt 0:02:21]} cxd5 {[%emt 0:00:13]} 33. Qf3 {[%emt 0:01:04]} g5 {[%emt 0:02:51]} 34. Rg2 {[%emt 0:01:48]} gxf4 {[%emt 0:01:07]} 35. Qxf4+ {[%emt 0:00:16]} Qxf4 {[%emt 0:00:05]} 36. gxf4 {[%emt 0:00:06]} Rf3 {[%emt 0:00:11]} 37. Rg4 {[%emt 0:00:17]} Rh6 {[%emt 0:00:03]} 38. Reg1 {[%emt 0:00:23]} Rf6 {[%emt 0:00:14]} 39. R1g2 {[%emt 0:07:59]} R3xf4 {[%emt 0:00:56]} 40. Rxf4 {[%emt 0:00:00]} Rxf4 {[%emt 0:00:03]} 41. Kc2 {[%emt 0:00:29]} Kc7 {[%emt 0:00:35]} 42. Kd3 {[%emt 0:02:40]} Kd6 {[%emt 0:04:12]} 43. Ke2 {[%emt 0:00:26]} a6 {[%emt 0:01:01]} 44. Rg7 {[%emt 0:01:02]} Kc6 {[%emt 0:01:57]} 45. Rg8 {[%emt 0:00:38]} f6 {[%emt 0:02:02]} 46. Rg7 {[%emt 0:02:17]} e5 {[%emt 0:01:20]} 47. dxe5 {[%emt 0:01:43]} fxe5 {[%emt 0:00:49]} 48. Re7 {[%emt 0:00:17]} e4 {[%emt 0:01:50]} 49. Rg7 {[%emt 0:01:11]} Rf3 {[%emt 0:01:12]} 50. Re7 {[%emt 0:03:10]} Rh3 {[%emt 0:03:02]} 51. Rf7 {[%emt 0:01:04]} Rh2+ {[%emt 0:00:35]} 52. Rf2 {[%emt 0:00:08]} Rxf2+ {[%emt 0:00:12]} 53. Kxf2 Kc5 54. b3 {[%emt 0:07:11]} d4 {[%emt 0:00:42]} 55. Ke2 {[%emt 0:00:18]} dxc3 {[%emt 0:00:40]} 56. Ke3 {[%emt 0:00:25]} c2 {[%emt 0:00:21]} 57. Kd2 {[%emt 0:00:06]} Kd4 {[%emt 0:00:06]} 58. Kxc2 {[%emt 0:00:03]} e3 {[%emt 0:00:05]} 59. Kd1 {[%emt 0:00:17]} Kd3 {[%emt 0:00:07]} 60. b4 {[%emt 0:00:11]} b5 {[%emt 0:00:08]} 61. Ke1 {[%emt 0:00:22]} e2 {[%emt 0:00:04]} 62. Kf2 {[%emt 0:00:40]} Kd2 {[%emt 0:00:10]} 0-1

[Event "XIX Sants Open 2017"]
[Site "Cotxeres de Sants"]
[Date "2017.08.22"]
[Round "5"]
[White "Lopez Arjona, Emilio"]
[Black "Maza Navarro, Llorens"]
[Result "1/2-1/2"]
[WhiteElo "1547"]
[BlackElo "1542"]
[Annotator "NA RC"]
[PlyCount "163"]
[EventDate "2017.??.??"]
[EventType "swiss"]
[EventCountry "ESP"]
[SourceTitle "playchess.com"]
[Source "ChessBase"]
[SourceQuality "1"]
[TimeControl "40/5400+30:1800+30"]

1. e4 c5 2. Nf3 d6 3. d4 cxd4 4. Nxd4 Nf6 5. Nc3 g6 6. Be3 Bg7 7. f3 O-O 8. Qd2 Re8 9. O-O-O a6 10. h4 h5 11. Bc4 Nc6 12. Bb3 Bd7 13. Nde2 Na5 14. Kb1 Nxb3 15. cxb3 Qa5 16. Nf4 Rac8 17. Nfd5 Nxd5 18. Nxd5 Qxd2 19. Rxd2 Bc6 20. Nb6 Rb8 21. Rhd1 Kh7 22. Rd3 Bb5 23. R3d2 Bh6 24. Bxh6 Kxh6 25. f4 Bc6 26. Re1 Rbd8 27. g3 e6 28. Nc4 d5 29. Ne5 Kg7 30. exd5 Rxd5 31. Rxd5 exd5 32. Kc1 f6 33. Nd3 Rxe1+ 34. Nxe1 Kf7 35. Nc2 Ke6 36. Nd4+ Kd6 37. b4 b5 38. Kd2 f5 39. Ke3 Bd7 40. Nf3 Be6 41. Kd4 Bf7 42. Ne5 Be8 43. Nd3 Bd7 44. b3 Be6 45. Ne5 Kc7 46. Nxg6 Kb6 47. Nf8 Bg8 48. Nd7+ Kc6 49. Ne5+ Kd6 50. a4 Be6 51. Nd3 Bd7 52. a5 Bc8 53. Nf2 Be6 54. Nd1 Bf7 55. Nb2 Be6 56. Nd3 Bc8 57. Nc5 Kc6 58. Ke5 d4 59. Kxd4 Kd6 60. Nd3 Be6 61. Ne5 Bxb3 62. Nd3 Be6 63. Nf2 Bf7 64. Nd1 Bd5 65. Kd3 Be4+ 66. Kc3 Bf3 67. Ne3 Be4 68. Kd4 Bb1 69. Nd5 Be4 70. Nf6 Bf3 71. Ne8+ Ke7 72. Nc7 Bb7 73. Ke5 Bc8 74. Nxa6 Bxa6 75. Kxf5 Bb7 76. Ke5 Bc6 77. Kd4 Kd6 78. a6 Bf3 79. a7 Kc7 80. f5 Kb7 81. f6 Kxa7 82. f7 1/2-1/2

[Event "XIX Sants Open 2017"]
[Site "Cotxeres de Sants"]
[Date "2017.08.22"]
[Round "5"]
[White "Segura Ruiz, Carlos"]
[Black "Aparicio Escudero, Hector F"]
[Result "1-0"]
[WhiteElo "1414"]
[BlackElo "1641"]
[Annotator "NA RC"]
[PlyCount "167"]
[EventDate "2017.??.??"]
[EventType "swiss"]
[EventCountry "ESP"]
[SourceTitle "playchess.com"]
[Source "ChessBase"]
[SourceQuality "1"]
[TimeControl "40/5400+30:1800+30"]

1. b3 {[%emt 0:00:00]} e5 {[%emt 0:00:12]} 2. Bb2 {[%emt 0:00:00]} Nc6 {[%emt 0:00:14]} 3. e3 {[%emt 0:00:21]} d6 {[%emt 0:01:04]} 4. Bb5 {[%emt 0:00:26]} Bd7 {[%emt 0:00:18]} 5. d4 {[%emt 0:02:58]} exd4 {[%emt 0:01:18]} 6. exd4 {[%emt 0:00:31]} Qg5 {[%emt 0:02:20]} 7. Qe2+ {[%emt 0:01:46]} Nge7 {[%emt 0:07:09]} 8. g3 {[%emt 0:01:28]} Qd5 {[%emt 0:05:22]} 9. Nf3 {[%emt 0:04:43]} Bg4 {[%emt 0:05:56]} 10. Nbd2 {[%emt 0:00:20]} O-O-O {[%emt 0:01:53]} 11. O-O-O {[%emt 0:12:09]} Nf5 {[%emt 0:13:10]} 12. Bxc6 {[%emt 0:01:13]} Qxc6 {[%emt 0:01:40]} 13. h3 {[%emt 0:04:17]} Bxf3 {[%emt 0:04:56]} 14. Nxf3 {[%emt 0:00:34]} Re8 {[%emt 0:01:16]} 15. Qd3 {[%emt 0:01:24]} Qd7 {[%emt 0:01:06]} 16. g4 {[%emt 0:05:46]} Ne7 {[%emt 0:02:36]} 17. d5 {[%emt 0:15:36]} Ng6 {[%emt 0:02:54]} 18. Kb1 {[%emt 0:05:50]} Ne5 {[%emt 0:02:18]} 19. Nxe5 {[%emt 0:01:21]} dxe5 {[%emt 0:00:37]} 20. Rhe1 {[%emt 0:00:55]} Bd6 {[%emt 0:01:59]} 21. Re2 {[%emt 0:05:08]} h6 {[%emt 0:03:50]} 22. Rde1 {[%emt 0:00:40]} f6 {[%emt 0:00:33]} 23. Qg6 {[%emt 0:11:51]} Rhf8 {[%emt 0:05:48]} 24. f4 {[%emt 0:03:10]} Bb4 {[%emt 0:01:35]} 25. c3 {[%emt 0:00:50]} Bd6 {[%emt 0:00:47]} 26. Re4 {[%emt 0:02:45]} Qf7 {[%emt 0:01:01]} 27. Qxf7 {[%emt 0:03:45]} Rxf7 {[%emt 0:00:05]} 28. f5 {[%emt 0:00:20]} Rd8 {[%emt 0:01:47]} 29. h4 {[%emt 0:01:36]} Rfd7 {[%emt 0:01:33]} 30. Kc2 {[%emt 0:03:10]} Bc5 {[%emt 0:00:32]} 31. b4 {[%emt 0:01:06]} Bf2 {[%emt 0:00:18]} 32. R1e2 {[%emt 0:00:50]} Bxh4 {[%emt 0:00:18]} 33. c4 {[%emt 0:02:39]} Bg5 {[%emt 0:00:13]} 34. Bc1 {[%emt 0:03:12]} Bxc1 {[%emt 0:00:25]} 35. Kxc1 {[%emt 0:00:02]} c6 {[%emt 0:01:00]} 36. Rc2 {[%emt 0:01:18]} cxd5 {[%emt 0:01:45]} 37. cxd5+ {[%emt 0:00:17]} Rc7 {[%emt 0:02:20]} 38. Rec4 {[%emt 0:00:09]} Rxc4 {[%emt 0:00:19]} 39. Rxc4+ {[%emt 0:00:02]} Kd7 {[%emt 0:00:32]} 40. Kd2 {[%emt 0:00:00]} Rc8 {[%emt 0:00:30]} 41. Rc5 {[%emt 0:03:30]} b6 {[%emt 0:01:02]} 42. Rxc8 {[%emt 0:00:42]} Kxc8 {[%emt 0:00:01]} 43. b5 {[%emt 0:00:09]} Kd7 {[%emt 0:01:22]} 44. Kd3 {[%emt 0:02:09]} Kd6 {[%emt 0:00:23]} 45. Kc4 {[%emt 0:00:09]} e4 {[%emt 0:00:19]} 46. Kd4 {[%emt 0:00:14]} e3 {[%emt 0:00:09]} 47. Kxe3 {[%emt 0:00:02]} Kxd5 {[%emt 0:00:07]} 48. Kd3 {[%emt 0:00:18]} Ke5 {[%emt 0:01:07]} 49. Ke3 {[%emt 0:00:32]} h5 {[%emt 0:00:44]} 50. Kf3 {[%emt 0:00:44]} h4 {[%emt 0:00:26]} 51. a3 {[%emt 0:00:58]} Kd5 {[%emt 0:05:20]} 52. Kg2 {[%emt 0:00:08]} Kc5 {[%emt 0:00:09]} 53. Kh3 {[%emt 0:00:06]} Kxb5 {[%emt 0:00:17]} 54. Kxh4 {[%emt 0:00:09]} Ka4 {[%emt 0:01:29]} 55. Kh5 {[%emt 0:00:06]} Kxa3 {[%emt 0:00:34]} 56. Kg6 {[%emt 0:00:05]} b5 {[%emt 0:00:50]} 57. Kxg7 {[%emt 0:00:13]} b4 {[%emt 0:00:05]} 58. g5 {[%emt 0:02:50]} fxg5 {[%emt 0:01:35]} 59. f6 {[%emt 0:00:10]} b3 {[%emt 0:00:29]} 60. f7 {[%emt 0:00:07]} b2 {[%emt 0:02:28]} 61. f8=Q+ Ka2 62. Qf7+ {[%emt 0:02:07]} Kb1 {[%emt 0:02:12]} 63. Qxa7 {[%emt 0:06:00]} Kc1 {[%emt 0:01:45]} 64. Qc5+ {[%emt 0:00:59]} Kd1 {[%emt 0:02:09]} 65. Qf5 {[%emt 0:08:53]} Kc1 {[%emt 0:01:05]} 66. Qxg5+ {[%emt 0:02:04]} Kc2 {[%emt 0:00:16]} 67. Qf5+ {[%emt 0:01:44]} Kc1 {[%emt 0:00:20]} 68. Qc5+ {[%emt 0:01:46]} Kd1 {[%emt 0:01:21]} 69. Qb4 {[%emt 0:00:29]} Kc2 {[%emt 0:00:38]} 70. Qc4+ {[%emt 0:00:12]} Kd2 {[%emt 0:00:57]} 71. Qb3 {[%emt 0:00:17]} Kc1 {[%emt 0:00:18]} 72. Qc3+ {[%emt 0:00:07]} Kb1 {[%emt 0:00:26]} 73. Kf6 {[%emt 0:02:35]} Ka2 {[%emt 0:00:12]} 74. Qc2 {[%emt 0:00:34]} Ka1 {[%emt 0:00:13]} 75. Qa4+ {[%emt 0:00:07]} Kb1 {[%emt 0:00:09]} 76. Ke5 {[%emt 0:00:15]} Kc1 {[%emt 0:00:08]} 77. Qc4+ {[%emt 0:01:38]} Kd1 {[%emt 0:00:20]} 78. Qb3+ {[%emt 0:00:27]} Kc1 {[%emt 0:00:12]} 79. Qc3+ {[%emt 0:00:09]} Kb1 {[%emt 0:00:15]} 80. Kd4 {[%emt 0:00:25]} Ka2 {[%emt 0:00:14]} 81. Qc2 {[%emt 0:00:47]} Ka1 {[%emt 0:00:20]} 82. Qa4+ {[%emt 0:00:21]} Kb1 {[%emt 0:00:08]} 83. Kc3 {[%emt 0:00:21]} Kc1 {[%emt 0:00:30]} 84. Qc2# 1-0